000 00467nam a2200181Ia 4500
001 18262
005 20260306171618.0
008 260306s9999||||xx |||||||||||||| ||und||
041 _aESP
082 _a658.402
_bE17
100 _aEchegaray Inda, Guillermo [1960-...]
_eAUT
245 0 _aPara comprender las constelaciones organizacionales
260 _c2008
300 _a170 páginas :
_c22 cm.
650 _aGEN
654 _aCAN
942 _cLIB
_dJUS
_fJUS
_2ddc
_n
999 _c18262
_d18262